| 000 | 01111nam0a22002651 4500 | ||
|---|---|---|---|
| 001 | rc\3757537 | ||
| 005 | 20260408083411.0 | ||
| 021 |
_aRU _b[70-64619] |
||
| 035 | _a(NLR Aleph) 007876874 | ||
| 090 |
_a7893300 _c7893300 |
||
| 100 | _a20130115d1970 |||y0rusy50 ca | ||
| 101 | 0 | _arus | |
| 102 | _aRU | ||
| 105 | _ay z ||||| | ||
| 200 | 1 |
_aКонституция (Основной закон) Союза Советских Социалистических Республик _eС изм. и доп., принятыми на первой сессии Верховного Совета СССР восьмого созыва |
|
| 210 |
_aМосква _c[Известия] _d1970 |
||
| 215 |
_a32 с. _d20 |
||
| 532 | 1 | 3 | _aКонституция Основной закон Союза Советских Социалистических Республик |
| 606 |
_aКонституция СССР _2psbo |
||
| 740 | 1 |
_aСССР _tКонституция _f1936 _3RU\NLR\AUTH\8810166668 _9829265 |
|
| 801 | 0 |
_aRU _bNLR _gpsbo |
|
| 801 | 1 |
_aRU _bELAR _2rusmarc |
|
| 852 |
_aNLR _j70-4/18908 |
||
| 942 | _cBOOK | ||
| 980 | _aNB | ||